| 000 | 00855cam a22002415i 4500 | ||
|---|---|---|---|
| 999 |
_c13962 _d13962 |
||
| 003 | OSt | ||
| 005 | 20260317111402.0 | ||
| 008 | 221223s2022 ii ab b 000 0 eng d | ||
| 020 |
_a9788195320882 _q(hardback) |
||
| 082 | 0 | 4 |
_a388.40 _223 |
| 100 | 1 |
_aRamachandran, M., _d1950- _eauthor. |
|
| 245 | 1 | 0 |
_aUrban mobility solutions for developing countries : _bthe Indian experience / _cDr. M. Ramachandran. |
| 300 |
_axxv, 221 pages : _billustrations (black and white), maps (black and white) ; _c24 cm |
||
| 504 | _aIncludes bibliographical references. | ||
| 650 | 0 |
_aUrban transportation _zIndia. |
|
| 650 | 0 |
_aLocal transit _zIndia. |
|
| 650 | 0 |
_aUrban transportation policy _zIndia. |
|
| 650 | 7 |
_aLocal transit. _2fast |
|
| 650 | 7 |
_aUrban transportation. _2fast |
|
| 650 | 7 |
_aUrban transportation policy. _2fast |
|
| 651 | 7 |
_aIndia. _2fast |
|
| 942 | _2ddc | ||